[Event "AUTO-MASTER-241"]
[Site "http://www.queenalice.com/game.php?id=144117"]
[Date "2006.12.20"]
[Round "1"]
[White "ENDHER"]
[Black "Tal"]
[Result "1-0"]
[WhiteElo "2236"]
[BlackElo "2121"]

1. c4 g6 2. d4 Nf6 3. Nc3 d5 4. cxd5 Nxd5 5. Nf3 Nxc3 6. bxc3 Bg7 7. e4 c5 8.
Bb5+ Bd7 9. Rb1 Qa5 10. Bxd7+ Nxd7 11. O-O Qxc3 12. Rxb7 cxd4 13. Qa4 Qc8 14.
Rxa7 Rxa7 15. Qxa7 Qb8 16. Qa4 e5 17. Ba3 Bf8 18. Nd2 Bxa3 19. Qxa3 f5 20. Rb1
Qc7 21. Qa8+ Qd8 22. Qd5 Rf8 23. Rb7 Rf7 24. Nc4 Re7 25. Ra7 Nf6 26. Qc6+ Kf7
27. Nxe5+ Kg7 28. Qc5 Rxa7 29. Qxa7+ Nd7 30. Nxd7 Kh6 31. Qxd4 fxe4 32. a4 1-0

[Event "AUTO-MASTER-241"]
[Site "http://www.queenalice.com/game.php?id=144118"]
[Date "2006.12.20"]
[Round "1"]
[White "Tal"]
[Black "ENDHER"]
[Result "0-1"]
[WhiteElo "2104"]
[BlackElo "2205"]

1. e4 e5 2. Nf3 Nc6 3. d4 Nxd4 4. Nxe5 Ne6 5. Nc3 Nf6 6. Bd3 Bb4 7. Bd2 O-O 8.
O-O Nc5 9. f3 Re8 10. Nc4 d5 11. Nxd5 Nxd5 12. exd5 Nxd3 13. cxd3 Bc5+ 14. Kh1
Qxd5 15. Bf4 c6 16. Qb3 Bf5 17. Rfd1 Qd4 18. Bg3 Re7 19. Nd2 Qd7 20. Ne4 Bd4 21.
Bd6 Re6 22. Bc5 b6 23. Bxd4 Qxd4 24. Ng5 Rf6 25. Ne4 Rh6 26. Rd2 Qe5 27. h3 Qf4
28. Qc2 Rd8 29. Re1 Re6 30. Qc3 a5 31. b4 axb4 32. Qxb4 Qh4 33. Re3 Bxh3 34.
Qxb6 Rh6 35. Kg1 Be6 36. Nf2 Rc8 37. Rb2 Qh2+ 38. Kf1 Qg3 39. Qb7 Rf8 40. Kg1
Qh2+ 41. Kf1 Rg6 42. g4 h5 43. Qxc6 Bxg4 44. Qc5 Rc8 45. Qe5 Bh3+ 46. Ke2 Qg1
47. Re4 Qc1 48. Nd1 Rg2+ 49. Ke1 Rg1+ 50. Kf2 Qxd1 51. Ree2 Qc1 52. Red2 h4 0-1

[Event "AUTO-MASTER-241"]
[Site "http://www.queenalice.com/game.php?id=144133"]
[Date "2006.12.20"]
[Round "1"]
[White "Trefor"]
[Black "Tal"]
[Result "0-1"]
[WhiteElo "1841"]
[BlackElo "1897"]

1. e4 c6 2. d4 d5 3. exd5 cxd5 4. c4 Nf6 5. Nc3 e6 6. Nf3 Be7 7. cxd5 Nxd5 8.
Be2 Nc6 9. O-O O-O 10. a3 Bf6 11. Be3 e5 12. Nxd5 Qxd5 13. dxe5 Qxd1 14. Rfxd1
Nxe5 15. Bd4 Nxf3+ 16. Bxf3 Re8 17. Bxf6 gxf6 18. h3 f5 19. Rac1 Rb8 20. Rc7 Kf8
21. Rd4 Kg7 22. Kh2 a5 23. b4 axb4 24. Rxb4 b6 25. a4 Re5 26. Rc6 Ra5 27. Rcxb6
Rxb6 28. Rxb6 Rxa4 29. Rd6 f4 30. h4 Ra2 31. Rd4 Rxf2 0-1

[Event "AUTO-MASTER-241"]
[Site "http://www.queenalice.com/game.php?id=144134"]
[Date "2006.12.20"]
[Round "1"]
[White "Tal"]
[Black "Trefor"]
[Result "1-0"]
[WhiteElo "1911"]
[BlackElo "1827"]

1. c4 f5 2. Nf3 Nf6 3. g3 e6 4. Bg2 Be7 5. O-O O-O 6. d4 c6 7. Nc3 d6 8. h3 Na6
9. a3 Nc7 10. Qc2 Kh8 11. Bf4 Nh5 12. Bd2 g5 13. b3 Bf6 14. g4 Ng7 15. e4 fxg4
16. hxg4 e5 17. dxe5 dxe5 18. Rfd1 Qe7 19. Na4 Bxg4 20. Bb4 Qe6 21. Bxf8 Rxf8
22. Nc5 Qe7 23. Nxb7 Bxf3 24. Bxf3 Nge6 25. Na5 Nd4 26. Qc3 Nce6 27. Rd2 Nf4 28.
Bd1 Qg7 29. Bg4 1-0

[Event "AUTO-MASTER-241"]
[Site "http://www.queenalice.com/game.php?id=144145"]
[Date "2006.12.20"]
[Round "1"]
[White "Tal"]
[Black "tips"]
[Result "1/2-1/2"]
[WhiteElo "2095"]
[BlackElo "2049"]

1. d4 Nf6 2. c4 e6 3. Nc3 d5 4. cxd5 exd5 5. Nf3 Ne4 6. Qb3 c6 7. Nxe4 dxe4 8.
Ne5 Qd5 9. e3 Qxb3 10. axb3 Nd7 11. Nxd7 Bxd7 12. f3 f5 13. Bd2 Bd6 14. Be2 Ke7
15. O-O Be6 16. Bc4 a6 17. Ra5 Rhf8 18. fxe4 fxe4 19. Rh5 Rxf1+ 20. Kxf1 Rf8+
21. Kg1 h6 22. Bxe6 Kxe6 23. Ba5 Rf5 24. Rxf5 Kxf5 25. b4 g5 26. h3 g4 27. hxg4+
Kxg4 28. Kf1 Kg3 1/2-1/2

[Event "AUTO-MASTER-241"]
[Site "http://www.queenalice.com/game.php?id=144146"]
[Date "2006.12.20"]
[Round "1"]
[White "tips"]
[Black "Tal"]
[Result "1-0"]
[WhiteElo "2083"]
[BlackElo "2076"]

1. c4 Nf6 2. Nc3 c5 3. Nf3 d5 4. cxd5 Nxd5 5. d4 cxd4 6. Qxd4 e6 7. e4 Nc6 8.
Bb5 Nxc3 9. Qxd8+ Kxd8 10. bxc3 Bd7 11. Be3 a6 12. Be2 e5 13. Ng5 Ke7 14. Rd1
Be6 15. Nxe6 fxe6 16. a4 Rc8 17. Bg5+ Kf7 18. Rd7+ Kg6 19. h4 h6 20. Be3 Nd8 21.
Rh3 Rg8 22. Rg3+ Kh7 23. Bh5 Kh8 24. Bg6 b5 25. Bxh6 Rxc3 26. Rg5 Rc1+ 27. Kd2
Nf7 28. Rxf7 Ba3 29. Ke2 Rc2+ 30. Kf3 1-0

[Event "Bergman"]
[Site "http://www.queenalice.com/game.php?id=148856"]
[Date "2007.1.1"]
[Round "1"]
[White "mikaio"]
[Black "Tal"]
[Result "1-0"]
[WhiteElo "2026"]
[BlackElo "2095"]

1. e4 c5 2. Nf3 e6 3. d4 cxd4 4. Nxd4 Nc6 5. Nc3 a6 6. Bc4 Nxd4 7. Qxd4 Ne7 8.
O-O Nc6 9. Qd1 Be7 10. Be3 O-O 11. f4 Qa5 12. a3 b5 13. Ba2 b4 14. axb4 Qxb4 15.
Rb1 Bc5 16. Qe2 d6 17. Kh1 Bxe3 18. Qxe3 Nd4 19. Qf2 Bb7 20. f5 Rac8 21. f6 g6
22. Qh4 Kh8 23. Rf4 h5 24. Qg5 Kh7 25. Rh4 Kg8 26. Rxh5 Nf5 27. exf5 1-0

[Event "from Paris to L.A."]
[Site "http://www.queenalice.com/game.php?id=152373"]
[Date "2007.1.10"]
[Round "-"]
[White "Bergman"]
[Black "Tal"]
[Result "1-0"]
[WhiteElo "2370"]
[BlackElo "2100"]

1. d4 f5 2. c4 e6 3. g3 Nf6 4. Bg2 Be7 5. Nf3 O-O 6. O-O d6 7. Nc3 Qe8 8. d5 e5
9. Ng5 Bd8 10. Qb3 e4 11. Ne6 Rf7 12. Bh3 g6 13. Bh6 Na6 14. Rad1 Nd7 15. Nxd8
Qxd8 16. Be3 Ne5 17. f4 exf3 18. exf3 g5 19. f4 gxf4 20. Rxf4 b6 21. Rdf1 Nd3
22. Rxf5 Nac5 23. Qc2 Nb4 24. Qd1 Bxf5 25. Bxf5 Qe7 26. Bxc5 bxc5 27. Be6 Rf8
28. Kg2 Kh8 29. Bxf7 Rxf7 30. Rxf7 Qxf7 31. a3 Na6 32. Qa4 Nb8 33. Qxa7 Nd7 34.
Qxc7 Ne5 35. Qxf7 Nxf7 36. a4 1-0

[Event "Challenge"]
[Site "http://www.queenalice.com/game.php?id=159870"]
[Date "2007.1.27"]
[Round "-"]
[White "Sidinei"]
[Black "Tal"]
[Result "1/2-1/2"]
[WhiteElo "2042"]
[BlackElo "2090"]

1. e4 e5 2. Nf3 Nc6 3. Bc4 Nf6 4. d3 Be7 5. O-O O-O 6. Re1 d6 7. a4 h6 8. Nc3
Be6 9. Bxe6 fxe6 10. Bd2 Rb8 11. Rb1 a6 12. b4 b5 13. axb5 axb5 14. Qe2 Qd7 15.
Qd1 g5 16. Qc1 Nh5 17. Ne2 g4 18. Bxh6 gxf3 19. Bxf8 Rxf8 20. Qh6 Ng7 21. gxf3
Rxf3 22. Qg6 Bh4 23. Rf1 Qd8 24. Kg2 Qf8 25. Ng3 Rf6 26. Qg4 Rf4 27. Qg6 Nd4 28.
Nh5 Rf7 29. c3 Rxf2+ 30. Rxf2 Qxf2+ 31. Kh3 Qe3+ 32. Kg4 Qe2+ 1/2-1/2